Responses for Show #5911 - Monday, May 3, 2010

2009-2010 Million Dollar Celebrity Invitational semifinal game 1.

Contestants

[<< previous game]

Harry Shearer, a humorist, Spinal Tap bassist, and voice from The Simpsons

Jane Curtin, an actress from Kate & Allie and 3rd Rock from the Sun

Pat Sajak, a game show host from Wheel of Fortune

[next game >>]

Jeopardy! Round responses

PEOPLE
(Alex: The magazine.)
NO WAY! IT'S NORWAY!
LITERARY CHARACTERS
MUSIC FESTIVALS
JOY OF COOKING
WHEN "GH" SOUNDS LIKE F
    $200 30
Suri

Harry
    $200 15
Oslo

Jane
    $200 6
Friday

Jane
    $200 10
Woodstock

Harry
    $200 16
oysters

Jane
    $200 1
laugh

Jane
    $400 29
Molly Ringwald

Jane
    $400 21
[Pat rings in too late]
(Alex: That would be their neighbor [*]. Sorry Pat, not quickly enough. Select again, though.)
(Pat: Yeah, like I was gonna say that.)

Sweden

Triple Stumper
    $400 7
Boo

Pat
    $400 11
bluegrass

Harry
    $400 17
sauerkraut

Pat
    $400 2
tough

Pat
    $600 26
Jersey Shore

Jane
    $600 22
the Scandinavian Peninsula

Jane
    $600 8
Stanley

Harry
    $200 12
Memphis

Harry
    $600 18
wontons

Pat
    $600 3
a trough

Pat
    $800 25
Courage

Harry
    $800 28
the Midnight Sun

Jane
    $800 9
(Harry: Who is Scrooge?)
(Pat: Ugh!)
(Alex: Ugh indeed.)
(Pat: I agree with Harry.)
(Alex: Ha ha.)
...
(Jane: Who is Bob [*]? or [*]? [*]'s ghost?)
(Alex: Bob [*]? No. You are on the right track. It's Jacob [*]. So that's an incorrect response for you as well.)
(Jane: He didn't have a group?)

(Jacob) Marley

PatJaneHarry
Triple Stumper
    $800 13
the Playboy Jazz Festival

Harry
    $800 19
(Pat: What is nine?)
...
(Alex: They recommend [*].)
(Pat: Well, I use nine!)
(Alex: I'm sorry about that!)
[Laughter]

seven

Pat
Triple Stumper
    $800 4
a rough

Jane
    $1000 24
Margaret Trudeau

Jane
    $1000 27
oil

Jane
    $1000 23
Walter Mitty

Jane
    $1000 14
Mozart

Harry
    $1000 20
Worcestershire sauce

Pat
    $1000 5
enough

Pat

Scores at the first commercial break (after clue 15):

Pat Jane Harry
$1,600 $600 $2,400

Scores at the end of the Jeopardy! Round:

Pat Jane Harry
$2,800 $6,200 $3,400

Double Jeopardy! Round responses

WORK THOSE APPS!
BRITS & AUSSIES ON TV
OUT OF YOUR LEAGUE
BEFORE & AFTER: SINGERS & PRESIDENTS
HE DIED A DEADLY DEATH
HOMOPHONES
    $400 21
abs

Pat
    $400 8
Jane Seymour

Jane
    $400 15
the Ivy League

Pat
    $400 1
Little Richard Nixon

Harry
    $400 25
Henry VIII

Jane
    $400 2
wade/weighed

Jane
    $800 22
(Pat: What is snowboarding?)

skiing

Pat
Triple Stumper
    $800 9
Hugh Laurie

Harry
    $4,000 16
(Pat: [Mimes drinking] Um... uh... uh... you drink the... I know the name of it. Um, don't know.)

La Leche

Pat
    $800 7
Debbie Harry Truman

Jane
    $800 26
Sam Houston

Harry
    $800 3
vain/vein

Jane
    $1200 23
metabolic

Triple Stumper
    $1200 11
(Jane: Who is Wonder Woman?)

The Bionic Woman

PatJane
    $1200 17
the Anti-Defamation League

Jane
    $1200 10
Elton John Adams

Triple Stumper
    $1200 27
Juan PerĂ³n

Harry
    $1200 4
tense/tents

Pat
    $1600 24
Yoga

Harry
    $1600 12
Simon Baker

Triple Stumper
    $1600 18
the League of Women Voters

Jane
    $1600 13
Zachary Taylor Swift

Triple Stumper
    $4,000 28
(Harry: Hnnnnhmmmm. I think that's a "I don't know".)

Doc Holliday

Harry
    $1600 5
yawl/y'all

Pat
    $2000 30
interval training

Triple Stumper
    $2000 20
Brothers & Sisters

Jane
    $2000 19
the Hanseatic League

Jane
    $2000 14
Rick James Buchanan

Triple Stumper
    $2000 29
Brutus

Harry
    $2000 6
(Pat: What is chaste?)

barren/baron

PatHarry

Scores at the end of the Double Jeopardy! Round:

Pat Jane Harry
$800 $14,600 $8,200

[wagering suggestions for these scores]

Final Jeopardy! Round responses

U.S.A.
(Alex: We begin with Pat Sajak, who most definitely will remember La Leche League, I'm sure.)
...
(Alex: And, Harry Shearer, Common Ground Relief is going to receive $100,000 thanks to your efforts. And, Pat Sajak, the Vietnam Veterans of America are going to receive a little bit over $100,000 because you won more than $50,000 in your first appearance.)
PatWhat is Hershey, Pa.
$800
HarryWhat is Hershey Pa.?
$8,200
JaneWhat is Hershey PA.
$4,000
Hershey, Pennsylvania

Final scores:

Pat Jane Harry
$1,600 $18,600 $16,400
3rd place: an additional $50,000 to Vietnam Veterans of America Finalist 2nd place: an additional $50,000 to Common Ground Relief

Game dynamics:

Coryat scores:

Pat Jane Harry
$4,800 $14,600 $12,600
12 R,
5 W
(including 1 DD)
21 R,
2 W
15 R
(including 1 DD),
2 W
(including 1 DD)

Combined Coryat: $32,000

[game clues] [game scores] [suggest correction]

Game tape date: 2010-04-17
The J! Archive is created by fans, for fans. Scraping, republication, monetization, and malicious use prohibited; this site may use cookies and collect identifying information. See terms. The Jeopardy! game show and all elements thereof, including but not limited to copyright and trademark thereto, are the property of Jeopardy Productions, Inc. and are protected under law. This website is not affiliated with, sponsored by, or operated by Jeopardy Productions, Inc. Join the discussion at JBoard.tv.